000 00376nam a2200133Ia 4500
005 20260328104330.0
008 260328s9999||||xx |||||||||||||| ||und||
100 _aMorcillo, Pedro Pablo
245 0 _aCiudad y Campo :
_b Claves del Desarrollo /
_cPedro Pablo Morcillo
260 _bSociedad Colombiana de planificación
300 _a443 p.
650 _aTEORÍA
942 _cBK
999 _c11677
_d11677